[Event "74th Tata Steel GMB"]
[Site "Wijk aan Zee NED"]
[Date "2012.01.21"]
[Round "7"]
[White "L'Ami,E"]
[Black "Bruzon Batista,L"]
[Result "1/2-1/2"]
[WhiteElo "2596"]
[BlackElo "2691"]
[EventDate "2012.01.14"]

1. d4 Nf6 2. c4 g6 3. Nc3 Bg7 4. e4 d6 5. Nf3 O-O 6. Be2 e5 7. Be3 c6 8.
O-O exd4 9. Bxd4 Re8 10. Nd2 Na6 11. f4 b6 12. Bf3 Bb7 13. Re1 Nc5 14. Nb3
Ne6 15. Be3 Qc7 16. Qd2 Rad8 17. Rad1 Ba6 18. f5 Nc5 19. Bf4 Nb7 20. Qd3
Nd7 21. Nd2 Ne5 22. Qf1 Nc5 23. Be2 Qe7 24. Kh1 Bb7 25. Nf3 Ncd7 26. Nd4 a6
27. Nc2 Nf6 28. Ne3 h6 29. a3 Kh7 30. Rd2 c5 31. Bf3 Nxf3 32. gxf3 Nh5 33.
Bg3 Nxg3+ 34. hxg3 Qg5 35. Qh3 Bd4 36. f4 Qh5 37. Qxh5 gxh5 38. Ned5 Rg8
39. Rd3 h4 40. Kg2 Rg4 41. Kh3 Rdg8 42. gxh4 h5 43. Rf3 Rg2 44. Re2 Rg1 45.
a4 R8g4 46. Rh2 Kh6 47. Ne2 Re1 48. Nxd4 cxd4 49. Nf6 Rgg1 50. Rd2 Bxe4 51.
Nxe4 Rxe4 52. Rfd3 Re3+ 53. Kh2 Rg4 54. Rxd4 Rxh4+ 55. Kg2 Rg4+ 56. Kh2 Rb3
57. Rxd6+ Kg7 58. a5 bxa5 59. Rxa6 Rh4+ 60. Kg2 Rxf4 61. Rxa5 Rxc4 62. Kh2
Kf6 63. Ra6+ Kg5 64. Ra7 f6 65. Rg7+ Kh4 66. Rg6 Rg4 67. Rg2 Rxg2+ 68. Kxg2
Rxb2+ 69. Kf3 Rb6 70. Kg2 Ra6 71. Kf2 Kh3 72. Rg3+ Kh4 73. Rg6 1/2-1/2

[Event "74th Tata Steel GMB"]
[Site "Wijk aan Zee NED"]
[Date "2012.01.22"]
[Round "8"]
[White "Lahno,Kateri"]
[Black "L'Ami,E"]
[Result "0-1"]
[WhiteElo "2557"]
[BlackElo "2596"]
[EventDate "2012.01.14"]

1. e4 e6 2. d4 d5 3. e5 c5 4. c3 Nc6 5. Nf3 Bd7 6. Be2 Nge7 7. O-O Nf5 8.
dxc5 Bxc5 9. Bd3 Nh4 10. Nbd2 Ng6 11. Nb3 Bb6 12. Re1 O-O 13. Bg5 f6 14.
exf6 gxf6 15. Bh6 Rf7 16. c4 dxc4 17. Bxc4 Nce5 18. Qe2 Ng4 19. Nfd4 Nxh6
20. Nxe6 Bxe6 21. Bxe6 Qf8 22. Rad1 Kh8 23. Bxf7 Qxf7 24. Qh5 Qg7 25. Nd4
Ne5 26. Ne6 Qg6 27. Rxe5 fxe5 28. Qxe5+ Kg8 29. Qd5 Nf7 30. Rd3 Kh8 31. g3
Re8 32. Nf4 Qc6 33. Qxc6 bxc6 34. Rd7 Ne5 35. Rb7 Ng6 0-1

[Event "74th Tata Steel GMB"]
[Site "Wijk aan Zee NED"]
[Date "2012.01.22"]
[Round "8"]
[White "Reinderman,D"]
[Black "Potkin,V"]
[Result "0-1"]
[WhiteElo "2581"]
[BlackElo "2684"]
[EventDate "2012.01.14"]

1. c4 e6 2. g3 d5 3. Bg2 Nf6 4. Nf3 dxc4 5. Qc2 c5 6. Na3 Be7 7. Nxc4 O-O
8. b3 Nc6 9. Bb2 Nd5 10. O-O b5 11. Nce5 Nxe5 12. Nxe5 Bb7 13. Rfd1 Rc8 14.
a4 f6 15. Nd3 Nb4 16. Nxb4 cxb4 17. Qb1 Bxg2 18. Kxg2 Qd5+ 19. e4 Qxb3 20.
axb5 Bc5 21. Qa2 Qxa2 22. Rxa2 Rfd8 23. d4 Bb6 24. Ra4 Rc4 25. Rb1 e5 26.
dxe5 Rd2 27. exf6 Rxf2+ 28. Kh3 gxf6 29. Ba1 Rcc2 30. Kg4 Kf7 31. h4 Bc5
32. Ra6 Rce2 33. Rc6 Rxe4+ 34. Kh3 Bb6 35. Rd1 b3 36. Rdd6 b2 37. Bxb2 Rxb2
38. Rxf6+ Ke8 39. Rf5 Re7 40. h5 Rb3 41. h6 Rbe3 42. Rg5 R3e5 43. Kg4 Rxg5+
44. Kxg5 Bd8 45. Kf5 Rb7 46. Rc5 Rb6 0-1

[Event "74th Tata Steel GMB"]
[Site "Wijk aan Zee NED"]
[Date "2012.01.22"]
[Round "8"]
[White "Bruzon Batista,L"]
[Black "Timman,J"]
[Result "1-0"]
[WhiteElo "2691"]
[BlackElo "2571"]
[EventDate "2012.01.14"]

1. e4 c5 2. Nf3 e6 3. d4 cxd4 4. Nxd4 a6 5. Bd3 Nf6 6. Qe2 e5 7. Nf5 d6 8.
Bg5 Bxf5 9. exf5 Nbd7 10. c4 Be7 11. Nc3 O-O 12. Bxf6 Bxf6 13. Be4 Rb8 14.
O-O Nc5 15. Rfd1 Qd7 16. b4 Nxe4 17. Qxe4 Qc6 18. Nd5 Rfc8 19. Rac1 b5 20.
Nxf6+ gxf6 21. Qh4 d5 22. Qh6 Kh8 23. cxd5 Qd6 24. h3 Rc4 25. a4 Rbc8 26.
axb5 axb5 27. Ra1 Rd4 28. Rdc1 Rdc4 29. Rxc4 bxc4 30. Ra7 Kg8 31. b5 c3 32.
Ra4 1-0

[Event "74th Tata Steel GMB"]
[Site "Wijk aan Zee NED"]
[Date "2012.01.22"]
[Round "8"]
[White "Harikrishna,P"]
[Black "Tiviakov,S"]
[Result "1/2-1/2"]
[WhiteElo "2665"]
[BlackElo "2677"]
[EventDate "2012.01.14"]

1. g3 Nf6 2. Bg2 d5 3. Nf3 e6 4. O-O Nbd7 5. d3 Be7 6. Nbd2 c6 7. e4 Qc7 8.
d4 dxe4 9. Ng5 O-O 10. Ndxe4 h6 11. Nxf6+ Nxf6 12. Nf3 Rd8 13. Qe2 b6 14.
c4 Bb7 15. Re1 Bd6 16. b3 c5 17. Bb2 cxd4 18. Nxd4 Bxg2 19. Kxg2 a6 20.
Rad1 Bb4 21. Rf1 Rd7 22. Nc2 Be7 23. Rxd7 Qxd7 24. Rd1 Qb7+ 25. Qf3 Qxf3+
26. Kxf3 Kf8 27. Bd4 Rd8 28. Ke2 Nd7 29. Bc3 Nb8 30. Bd4 Nd7 31. h3 h5 32.
g4 hxg4 33. hxg4 f6 34. Bc3 Nb8 35. Rxd8+ Bxd8 36. b4 Ke7 37. Nd4 e5 38.
Nf5+ Kf7 39. g5 Nd7 40. gxf6 gxf6 41. Kd3 Ke6 42. Ke4 b5 43. c5 Nb8 44. f4
Bc7 45. Ng7+ Kf7 46. Nh5 exf4 47. Nxf6 a5 48. Nd5 axb4 49. Bd2 Ba5 50. Bxf4
Nc6 51. Bg5 Ke6 52. Nf4+ Kd7 53. Kd5 b3 54. axb3 Bd2 55. Nh3 Nb4+ 56. Ke4
Be1 57. Be3 Kc6 58. Nf4 Nc2 59. Nd3 Bc3 60. Bf4 Nb4 61. Nxb4+ 1/2-1/2

[Event "74th Tata Steel GMB"]
[Site "Wijk aan Zee NED"]
[Date "2012.01.22"]
[Round "8"]
[White "Harika,D"]
[Black "Cmilyte,V"]
[Result "1/2-1/2"]
[WhiteElo "2516"]
[BlackElo "2503"]
[EventDate "2012.01.14"]

1. c4 g6 2. Nc3 Bg7 3. g3 c5 4. Bg2 Nc6 5. Nf3 e6 6. d3 Nge7 7. Bg5 h6 8.
Bd2 d5 9. Rb1 b6 10. a3 Bb7 11. O-O Rc8 12. b4 dxc4 13. dxc4 Ba8 14. Na4
cxb4 15. axb4 O-O 16. c5 b5 17. Nc3 a5 18. bxa5 Nxa5 19. Nxb5 Rxc5 20. Qa4
Nac6 21. Be3 Rd5 22. Rfc1 1/2-1/2

[Event "74th Tata Steel GMB"]
[Site "Wijk aan Zee NED"]
[Date "2012.01.22"]
[Round "8"]
[White "Ernst,S"]
[Black "Nyzhnyk,I"]
[Result "1/2-1/2"]
[WhiteElo "2606"]
[BlackElo "2568"]
[EventDate "2012.01.14"]

1. Nf3 Nf6 2. c4 g6 3. Nc3 Bg7 4. d4 O-O 5. e4 d6 6. Be2 e5 7. Be3 c6 8.
O-O exd4 9. Nxd4 Re8 10. f3 d5 11. cxd5 Nxd5 12. Nxd5 cxd5 13. Qb3 Nc6 14.
Rad1 Nxd4 15. Bxd4 Bxd4+ 16. Rxd4 Qf6 17. Qa4 Bd7 18. Qd1 Bc6 19. exd5 Rxe2
20. dxc6 Rxb2 21. cxb7 Rxb7 22. Rd6 Qb2 23. Rf2 Qb1 24. Qxb1 Rxb1+ 25. Rf1
Rb2 26. Rf2 Rb1+ 27. Rf1 Rb2 28. Rf2 Rb1+ 1/2-1/2

[Event "74th Tata Steel GMB"]
[Site "Wijk aan Zee NED"]
[Date "2012.01.25"]
[Round "10"]
[White "Harika,D"]
[Black "Timman,J"]
[Result "1/2-1/2"]
[WhiteElo "2516"]
[BlackElo "2571"]
[EventDate "2012.01.14"]

1. d4 Nf6 2. c4 e6 3. Nc3 Bb4 4. Qc2 d6 5. Nf3 Nbd7 6. Bd2 c5 7. e3 O-O 8.
a3 Bxc3 9. Bxc3 b6 10. Bd3 Bb7 11. Ng5 h6 12. Nh7 Nxh7 13. Bxh7+ Kh8 14.
Be4 Bxe4 15. Qxe4 Nf6 16. Qh4 cxd4 17. Qxd4 e5 18. Qd3 Qc7 19. Rd1 Rfd8 20.
O-O Rac8 21. b3 b5 22. Ba1 bxc4 23. bxc4 Kg8 24. h3 Qc6 25. f4 Rd7 26. Qf5
Ne4 27. fxe5 Ng3 28. Qg4 Nxf1 29. Rxd6 Qxc4 30. Qxc4 Rxc4 31. Rxd7 Nxe3 32.
Bd4 Nc2 33. Bxa7 Nxa3 34. Bd4 Rc6 35. Rd6 Rc1+ 36. Kf2 Nb5 37. Rd8+ Kh7 38.
Be3 Rc7 39. Kf3 Re7 40. Rd5 Nc7 41. Ra5 Ne6 42. g4 Rb7 43. h4 Nf8 44. h5
Ne6 45. Ra3 g6 46. Ra7 Rxa7 1/2-1/2

[Event "74th Tata Steel GMB"]
[Site "Wijk aan Zee NED"]
[Date "2012.01.25"]
[Round "10"]
[White "Reinderman,D"]
[Black "Nyzhnyk,I"]
[Result "1-0"]
[WhiteElo "2581"]
[BlackElo "2568"]
[EventDate "2012.01.14"]

1. c4 Nf6 2. Nc3 g6 3. e4 d6 4. d4 Bg7 5. Nf3 O-O 6. Be2 e5 7. O-O exd4 8.
Nxd4 Re8 9. f3 c6 10. Kh1 Nbd7 11. Bg5 Qb6 12. Nb3 a5 13. Qd2 a4 14. Be3
Qd8 15. Nd4 Nc5 16. Rfd1 Nfd7 17. Bf1 Be5 18. Qf2 Qe7 19. Re1 Nf6 20. Rad1
Bd7 21. h3 Nh5 22. Nde2 b6 23. g4 Nf6 24. Bxc5 bxc5 25. f4 Bxc3 26. Nxc3
Be6 27. f5 Bc8 28. Qg3 Nd7 29. Rxd6 Qe5 30. Kh2 Qxg3+ 31. Kxg3 Ne5 32. Kf4
g5+ 33. Kg3 Ba6 34. Nxa4 Reb8 35. b3 Bxc4 36. Bxc4 Nxc4 37. Rxc6 Ne5 38.
Rd6 c4 39. Re3 Kg7 40. h4 gxh4+ 41. Kxh4 Rb4 42. Rd5 f6 43. g5 Ra6 44. Kg3
Kf7 45. gxf6 Kxf6 46. Kf4 cxb3 47. axb3 Nf7 48. Rc5 Kg7 49. Rg3+ Kf8 50.
Rc8+ 1-0

[Event "74th Tata Steel GMB"]
[Site "Wijk aan Zee NED"]
[Date "2012.01.25"]
[Round "10"]
[White "Bruzon Batista,L"]
[Black "Tiviakov,S"]
[Result "1/2-1/2"]
[WhiteElo "2691"]
[BlackElo "2677"]
[EventDate "2012.01.14"]

1. e4 e6 2. d4 d5 3. Nd2 dxe4 4. Nxe4 Nd7 5. Nf3 Ngf6 6. Nxf6+ Nxf6 7. Bg5
h6 8. Bh4 c5 9. Bd3 cxd4 10. O-O Be7 11. Nxd4 O-O 12. Re1 Nd5 13. Bxe7 Nxe7
14. c3 Bd7 15. Bc2 Qc7 16. Qd3 Ng6 17. Re3 Rad8 18. Rae1 Rfe8 19. g3
1/2-1/2

[Event "74th Tata Steel GMB"]
[Site "Wijk aan Zee NED"]
[Date "2012.01.25"]
[Round "10"]
[White "Cmilyte,V"]
[Black "L'Ami,E"]
[Result "0-1"]
[WhiteElo "2503"]
[BlackElo "2596"]
[EventDate "2012.01.14"]

1. d4 d5 2. c4 c6 3. Nf3 Nf6 4. Nc3 a6 5. cxd5 cxd5 6. Bf4 Nc6 7. Rc1 Ne4
8. Ne5 Nxc3 9. Rxc3 Bd7 10. e3 e6 11. a3 Rc8 12. Nxd7 Qxd7 13. Bd3 Na7 14.
Rxc8+ Nxc8 15. Qc2 Bd6 16. Be5 f6 17. Bxd6 Nxd6 18. Ke2 Ke7 19. Rc1 Rc8 20.
Qd2 f5 21. f3 h6 22. Rc5 b6 23. Rxc8 Qxc8 24. Qe1 a5 25. Qh4+ Kd7 26. Kd2
Qf8 27. Qe1 g5 28. h4 f4 29. hxg5 hxg5 30. g3 Qh8 31. gxf4 gxf4 32. Qg1
fxe3+ 33. Qxe3 Qh2+ 34. Qe2 Qg1 35. Kc3 Qc1+ 36. Kb3 Qf4 37. Kc3 Ke7 38. a4
Kf6 39. Qg2 Qc1+ 40. Qc2 Qf4 41. Qg2 Nf7 42. Qg6+ Ke7 43. Be2 Qc1+ 44. Qc2
Qg1 45. Kd3 Qg6+ 46. Kc3 Qg3 47. Kb3 Kf6 48. Qd2 Qg5 49. Qc3 Qf4 50. Ka2
Qd6 51. Bd1 Nd8 52. Qd2 Qg3 53. Qc3 Nf7 54. Be2 Qf2 55. Qd2 Qh2 56. Qd3 Qc7
57. Qd2 Qh2 58. Qd3 Nh6 59. Bd1 Nf5 60. Qb5 Qd2 61. Bb3 Qxd4 62. Qe8 Qc5
63. f4 Qd6 64. Bc2 Qxf4 65. Qd8+ Kf7 66. Qxb6 Qd2 67. Bxf5 exf5 68. Qc7+
Ke6 69. Qc8+ Ke5 70. Qh8+ Ke4 71. Qh1+ Ke5 72. Qh8+ Ke6 73. Qe8+ Kf6 74.
Qd8+ Kg6 75. Qg8+ Kh5 76. Qh7+ Kg4 77. Qg6+ Qg5 78. Qe6 Qf4 79. Qg8+ Kh3
80. Qh8+ Kg2 81. Qg7+ Kf1 82. b3 d4 83. Qd7 Ke2 84. Qe8+ Qe4 85. Qh5+ Ke1
86. Qg5 d3 87. Qg1+ Ke2 88. Qh2+ Kf1 89. Qh6 f4 0-1

[Event "74th Tata Steel GMB"]
[Site "Wijk aan Zee NED"]
[Date "2012.01.25"]
[Round "10"]
[White "Lahno,Kateri"]
[Black "Potkin,V"]
[Result "1/2-1/2"]
[WhiteElo "2557"]
[BlackElo "2684"]
[EventDate "2012.01.14"]

1. c4 Nf6 2. Nf3 c6 3. g3 d5 4. Bg2 g6 5. Qa4 e6 6. d4 Bg7 7. O-O O-O 8.
Qc2 b6 9. Bf4 Bb7 10. Nbd2 Nbd7 11. b4 Re8 12. Bd6 a5 13. a3 Ba6 14. Rfe1
c5 15. bxc5 bxc5 16. dxc5 Rc8 17. cxd5 Nxc5 18. Bxc5 Nd7 19. dxe6 Rxe6 20.
Bh3 Rxc5 21. Qd1 Bxe2 22. Rxe2 Rxe2 23. Qxe2 Bxa1 24. Nb3 Rc7 25. Nxa1 Rc1+
26. Kg2 Rxa1 27. Qd3 Qe7 28. Bxd7 Rxa3 29. Qd4 Rb3 30. Ne5 Qf6 31. Be8 Rb7
32. Qd5 Re7 33. Bxf7+ Rxf7 34. Nxf7 Qxf7 35. Qxa5 Qb7+ 36. f3 Qb2+ 37. Kh3
Qd4 38. Qa8+ Kg7 39. Qb7+ Kg8 40. Qe4 Qd7+ 41. g4 Qd6 42. f4 Qd2 43. Qe8+
Kg7 44. Qe7+ Kg8 45. f5 gxf5 46. gxf5 Qf4 47. Qe6+ Kg7 48. Kg2 Qg4+ 49. Kf2
Qf4+ 50. Kg2 Qg4+ 1/2-1/2